Вып. 15; Теория случайных процессов

Detalles Bibliográficos
Parent link:Теория случайных процессов: республиканский межведомственный сборник научных трудов/ Академия наук Украинской ССР (АН УССР), Институт прикладной математики и механики. Вып. 15.— , 1973-1988
Outros autores: Линьков Ю. Н. (редактор)
Idioma:ruso
Publicado: 1987
Subjects:
Formato: MixedMaterials Libro
KOHA link:https://koha.lib.tpu.ru/cgi-bin/koha/opac-detail.pl?biblionumber=271508

MARC

LEADER 00000nam2a2200000 4500
001 271508
005 20231101234438.0
035 |a (RuTPU)RU\TPU\book\294690 
035 |a RU\TPU\book\284395 
090 |a 271508 
100 |a 20140523d1987 k y0rusy50 ca 
101 0 |a rus 
102 |a UA 
105 |a a z 001zy 
200 0 |a Вып. 15  |f отв. ред. Ю. Н. Линьков 
210 |d 1987 
215 |a 119 с.  |c ил. 
320 |a Библиогр. в конце ст. 
461 1 |0 (RuTPU)RU\TPU\book\281087  |t Теория случайных процессов  |o республиканский межведомственный сборник научных трудов  |f Академия наук Украинской ССР (АН УССР), Институт прикладной математики и механики  |v Вып. 15  |d 1973-1988 
606 1 |a Случайные процессы, теория  |2 stltpush  |3 (RuTPU)RU\TPU\subj\55239  |9 73298 
610 1 |a симметрия 
610 1 |a вероятностные модели 
610 1 |a линейные операторы 
610 1 |a гильбертово пространство 
610 1 |a гауссовские поля 
610 1 |a сходимость 
675 |a 519.216  |v 4 
702 1 |a Линьков  |b Ю. Н.  |4 340 
801 1 |a RU  |b 63413507  |c 20141008 
801 2 |a RU  |b 63413507  |c 20180117  |g RCR 
942 |c BK